| 000 | 01197cab a2200301 4500 | ||
|---|---|---|---|
| 001 | ABS53615 | ||
| 008 | 090401t1995 xxu||||| |||| 00| 0 eng d | ||
| 035 | _a(Sirsi) u5366 | ||
| 041 | _aeng | ||
| 100 | _aKemp, M. | ||
| 245 | _aRent review - special cases for special situations | ||
| 260 | _c1995 | ||
| 350 | _a0 | ||
| 490 |
_aRent Review & Lease Renewal _v15(3) September 1995, 21-24(4) |
||
| 520 | _aGuidance on how to assess the value of unusual properties at rent review. Covers large buildings with no comparables, shopping centres, pubs and hotels and airports. Also considers situations involving ground rent, long leases, the use of indices, and major tenant alterations. Refers to relevant case law. | ||
| 650 | _a99 BISHOPSGATE LTD V PRUDENTIAL ASSURANCE CO LTD | ||
| 650 | _aLARGE BUILDINGS | ||
| 650 | _aLONG LEASES | ||
| 650 | _aPRUDENTIAL ASSURANCE CO LTD V GRAND METROPOLITAN ESTATES | ||
| 650 | _aRENT REVIEWS | ||
| 650 | _aRITZ HOTEL V RITZ CASINO | ||
| 650 | _aSHEERNESS STEEL CO V MEDWAY PORTS AUTHORITY | ||
| 650 | _aSHOPPING CENTRES | ||
| 650 | _aUNUSUAL PROPERTIES | ||
| 690 | _aLANDLORD AND TENANT-RENT REVIEWS | ||
| 942 | _n0 | ||
| 948 | _c04/03/1997 | ||
| 999 |
_c3192 _d3192 |
||